00534nam a2200133Ia 4500008004100000100002100041245010400062245008600166260005300252260000900305300001000314650001500324856006100339170221s9999 xx 000 0 und d aSergey Rasskazov aSocial Network Analysis as an Organizational Diagnostic Tool: The Case of Small Business in Russia  cSergey Rasskazov, Mariia Rubtcova, Pavel Derugin, Nikolay Pruel, Valeriy Malychev bInternational Review of Management and Marketing c2016 a6 : 1 xMarketing. uhttp://www.econjournals.com/index.php/irmm/issue/view/64